00832nam a2200229 a 450000100100000000500170001000800410002704000250006808200170009310000240011024500940013426000680022830000280029665000250032465000450034965000190039465000130041370000290042604900090045595201210046499900170058500002378820260508134417.0110113s1963 txua r 000 0 spa d aDO-SdBNPbspacBNPHU a291.44bE79d1 aEstes, Susan94896410aDoce programas de adoración dramatizados /cSusan Estes ; traducción por Donald Levy. aTexas, Estados Unidos :bCasa Bautista de Publicaciones,c1963. a100 p. :bil. ;c19 cm. 0aVida espiritual9268 4aAdoración (educación religiosa)9681 4aOración9270 0aFe910241 aLevy, Donaldetr.948965 aBNGR 001054708MOaGRbGRcCTd2011-01-13iLF1l0o291.44 E79dp23788-10r2020-06-25w2020-06-25y4ZPréstamo en sala c23284d23284